Normal view
MARC view
- رفع الاثقال -رياضة
Entry Topical Term
001 - CONTROL NUMBER
- control field: 50294
003 - CONTROL NUMBER IDENTIFIER
- control field: JO-AjAnu
005 - DATE AND TIME OF LATEST TRANSACTION
- control field: 20230606082300.0
008 - FIXED-LENGTH DATA ELEMENTS
- fixed length control field: 230606|| aca||aabn | a|a d
040 ## - CATALOGING SOURCE
- Original cataloging agency: JO-AjAnu
- Transcribing agency: JO-AjAnu
150 ## - HEADING--TOPICAL TERM
- Topical term or geographic name entry element: رفع الاثقال -رياضة
670 ## - SOURCE DATA FOUND
- Source citation: Work cat.: (JO-AjAnu)25713: اعداد شمس الدين، سؤدد فؤاد, author 50293, كنقويا: بناء الاجسام ورفع الاثقال: مائة سؤال وجواب